书目信息 |
| 题名: |
吴趼人全集
|
|
| 作者: | 吴趼人 著 ;刘敬圻 主编 | |
| 分册: | 历史小说集 | |
| 出版信息: | 哈尔滨 北方文艺出版社 2019 |
|
| 页数: | 387页 | |
| 开本: | 21cm | |
| 丛书名: | ||
| 单 册: | ||
| 中图分类: | I242.43 , K825.6 , I216.1 | |
| 科图分类: | ||
| 主题词: | 章回小说--Zhang Hui Xiao Shuo--小说集--中国--清代 , 文学--作品集--中国 | |
| 电子资源: | ||
| ISBN: | 978-7-5317-4260-9 | |
| 000 | 01392nam0 2200337 450 | |
| 001 | 012001010032 | |
| 005 | 20191107101416.09 | |
| 010 | @a978-7-5317-4260-9@dCNY56.00 | |
| 099 | @aCAL 012019057796 | |
| 100 | @a20190301d2019 em y0chiy50 ea | |
| 101 | 0 | @achi |
| 102 | @aCN@b230000 | |
| 105 | @ay z 000ay | |
| 106 | @ar | |
| 200 | 1 | @a吴趼人全集@AWu Jian Ren Quan Ji@i历史小说集@f(清) 吴趼人著 |
| 210 | @a哈尔滨@c北方文艺出版社@d2019 | |
| 215 | @a387页@d21cm | |
| 314 | @a版权页题:刘敬圻主编 | |
| 330 | @a《历史小说集》收录了吴趼人《痛史》《两晋演义》《云南野乘》等作品,这些作品以《新小说》《月月小说》连载本为底本,保留了原书中的眉批和回后评语。《痛史》主要写了南宋灭亡,元军入主中原,权奸贾似道卖国求荣,文天祥等忠臣士奋勇抗元的故事。《两晋演义》共二十三回,自西晋开国写至八王之乱,以发明正史事实为宗旨,以借古鉴今为诱导,寓有历史反思之义。《云南野乘》章回小说,三回。叙战国时期楚国将军跷征服西南夷、建立滇国之事。 | |
| 333 | @a一般读者 | |
| 517 | 1 | @a历史小说集@ALi Shi Xiao Shuo Ji |
| 600 | 0 | @a吴趼人,@AWu Jian Ren@f1866-1910@j全集 |
| 606 | 0 | @a章回小说@AZhang Hui Xiao Shuo@x小说集@y中国@z清代 |
| 606 | 0 | @a文学@x作品集@x中国 |
| 690 | @aI242.43@v5 | |
| 690 | @aK825.6@v4 | |
| 690 | @aI216.1@v4 | |
| 701 | 0 | @a吴趼人@AWu Jian Ren@4著 |
| 702 | 0 | @a刘敬圻@ALiu Jing Qi@4主编 |
| 801 | 0 | @aCN@b上海新华@c20191020 |
| 905 | @b1135362-5@dI216.1@e980:3@f4 | |
| 吴趼人全集.历史小说集/(清) 吴趼人著.-哈尔滨:北方文艺出版社,2019 |
| 387页;21cm |
| 使用对象:一般读者 |
| ISBN 978-7-5317-4260-9:CNY56.00 |
| 《历史小说集》收录了吴趼人《痛史》《两晋演义》《云南野乘》等作品,这些作品以《新小说》《月月小说》连载本为底本,保留了原书中的眉批和回后评语。《痛史》主要写了南宋灭亡,元军入主中原,权奸贾似道卖国求荣,文天祥等忠臣士奋勇抗元的故事。《两晋演义》共二十三回,自西晋开国写至八王之乱,以发明正史事实为宗旨,以借古鉴今为诱导,寓有历史反思之义。《云南野乘》章回小说,三回。叙战国时期楚国将军跷征服西南夷、建立滇国之事。 |
| ● |
| 相关链接 |
|
|
|
|
正题名:吴趼人全集
索取号:I216.1/980:3
 
预约/预借
| 序号 | 登录号 | 条形码 | 馆藏地/架位号 | 状态 | 备注 |
| 1 | 1135362 | 211353621 | 第一样本阅览室/ [索取号:I216.1/980:3] | 在馆 | |
| 2 | 1135363 | 211353630 | 第二借阅区/ [索取号:I216.1/980:3] | 在馆 | |
| 3 | 1135364 | 211353649 | 第二借阅区/ [索取号:I216.1/980:3] | 在馆 | |
| 4 | 1135365 | 211353658 | 第二借阅区/ [索取号:I216.1/980:3] | 在馆 |